| 000 | 05113cgm a2201141Ii 4500 | ||
|---|---|---|---|
| 001 | on1129014351 | ||
| 003 | OCoLC | ||
| 005 | 20211013145015.0 | ||
| 007 | vd cvaizq | ||
| 008 | 191127t20192019xxu084 g vleng d | ||
| 040 |
_aCD5 _beng _erda _cCD5 _dCD5 _dOCLCO _dOCLCF _dIHX _dTEF _dZAC _dGO4 _dOCLCO _dIEP _dRB0 _dCLE _dOCLCA _dWACOL |
||
| 019 | _a1152262450 | ||
| 024 | 1 | 0 | _a767685162590 |
| 028 | 4 | 2 |
_aHM6259 _bHallmark Entertainment |
| 035 |
_a(OCoLC)1129014351 _z(OCoLC)1152262450 |
||
| 041 | 0 |
_aeng _peng _heng |
|
| 046 |
_k2019 _2edtf |
||
| 050 | 4 |
_aPN1997.2 _b.M47 2019 |
|
| 082 | 0 | 4 |
_a791.43/72 _223 |
| 092 |
_aDVD _bMer |
||
| 049 | _aWACL | ||
| 245 | 0 | 0 |
_aMerry & Bright / _cHallmark Channel presents ; producer, Jeff Beesley ; teleplay by Karen Wyscarver, Sanford Golden, Erinne Dobson ; directed by Gary Yates |
| 246 | 3 | _aMerry and Bright | |
| 257 |
_aUnited States _2naf |
||
| 264 | 1 |
_a[United States] : _bHallmark Entertainment, _c[2019] |
|
| 264 | 2 |
_aNew York : _bCinedigm, _c[2019] |
|
| 264 | 4 | _c�2019 | |
| 300 |
_a1 videodisc (84 mins.) : _bsound, color ; _c4 3/4 in. |
||
| 306 | _a012400 | ||
| 336 | _atwo-dimensional moving image | ||
| 337 | _avideo | ||
| 338 | _avideodisc | ||
| 340 |
_b4 3/4 in. _gcolor _2rda |
||
| 340 |
_b4 3/4 in. _2rda |
||
| 344 |
_adigital _2rdatr |
||
| 344 |
_boptical _2rdarm |
||
| 344 | _hDolby digital 5.1 | ||
| 346 |
_bNTSC _2rda |
||
| 347 |
_avideo file _2rdaft |
||
| 347 | _bDVD video | ||
| 347 |
_eregion 1 _2rdare |
||
| 380 |
_aMade-for-TV movies _2lcgft |
||
| 490 | 1 | _aHallmark Channel holiday collection | |
| 538 | _aDVD, region 1, wide screen, Dolby Digital. | ||
| 546 | _aEnglish dialogue; Closed-captioned; Subtitled for the deaf and hard-of-hearing. | ||
| 500 | _aOriginally broadcast as a made-for-tv movie in 2019. | ||
| 500 | _aBased on the short story by Mary Kay Andrews. | ||
| 500 | _a"Part of countdown to Christmas"--container. | ||
| 511 | 1 | _aJodie Sweetin, Andrew Walker, Sharon Lawrence. | |
| 521 | 8 | _aNot rated. | |
| 508 | _aMusic by Matthew Rogers, edited by Bill Lynch ; casting by Penny Perry ; production designer, Gord Wilding ; director of photography, Paul Suderman. | ||
| 520 | _aDuring the busy Christmas period, Merry and Bright Candy Cane Company owner Cate meets a mysterious man and assumes he is the man her determined mother is trying to set her up with. | ||
| 521 |
_aDVD _bDonation |
||
| 650 | 0 |
_aMan-woman relationships _vDrama. _95673977 |
|
| 650 | 0 |
_aBusinesswomen _vDrama. _95767901 |
|
| 650 | 7 |
_aBusinesswomen. _2fast _0(OCoLC)fst00843013 |
|
| 650 | 7 |
_aMan-woman relationships. _2fast _0(OCoLC)fst01007080 |
|
| 655 | 0 | _aDVD-Video discs. | |
| 655 | 7 |
_aChristmas films. _2fast _0(OCoLC)fst01710287 _95675361 |
|
| 655 | 7 |
_aDrama. _2fast _0(OCoLC)fst01423879 |
|
| 655 | 7 |
_aFiction films. _2fast _0(OCoLC)fst01710264 |
|
| 655 | 7 |
_aMade-for-TV movies. _2fast _0(OCoLC)fst01710404 |
|
| 655 | 7 |
_aRomance films. _2fast _0(OCoLC)fst01710332 _95675183 |
|
| 655 | 7 |
_aTelevision adaptations. _2fast _0(OCoLC)fst01710478 _95685124 |
|
| 655 | 7 |
_aVideo recordings for the hearing impaired. _2fast _0(OCoLC)fst01710450 |
|
| 655 | 7 |
_aMade-for-TV movies. _2lcgft _96430107 |
|
| 655 | 7 |
_aChristmas films. _2lcgft _95675361 |
|
| 655 | 7 |
_aRomance films. _2lcgft _95675183 |
|
| 655 | 7 |
_aFiction films. _2lcgft _96430108 |
|
| 655 | 7 |
_aTelevision adaptations. _2lcgft _95685124 |
|
| 655 | 7 |
_aVideo recordings for the hearing impaired. _2lcgft _96430109 |
|
| 700 | 1 |
_aLawrence, Sharon, _d1961- _eactor. _96103852 |
|
| 700 | 1 |
_aBeesley, Jeff, _etelevision producer. _96430110 |
|
| 700 | 1 |
_aFankhauser, Anthony, _etelevision producer. _95718649 |
|
| 700 | 1 |
_aSpry, Stan, _d1977- _etelevision producer. _96397597 |
|
| 700 | 1 |
_aWoods, Eric, _etelevision producer. _96424134 |
|
| 700 | 1 |
_aBerry, Tom, _etelevision producer. _945439 |
|
| 700 | 1 |
_aHolland, Jeff, _etelevision producer. _96430111 |
|
| 700 | 1 |
_aAndrews, Mary Kay, _d1954- _etelevision producer. _949342 |
|
| 700 | 1 |
_aRogers, Matthew Wesley, _ecomposer (expression) _96423244 |
|
| 700 | 1 |
_aLynch, Bill, _eeditor of moving image work. _96430112 |
|
| 700 | 1 |
_aPerry, Penny, _ecasting director. _96430113 |
|
| 700 | 1 |
_aWilding, Gord, _eproduction designer. _96430114 |
|
| 700 | 1 |
_aSuderman, Paul, _edirector of photography. _96397600 |
|
| 700 | 1 |
_aYates, Gary, _etelevision director. _95812480 |
|
| 700 | 1 |
_aSweetin, Jodie, _eactor. _973382 |
|
| 700 | 1 |
_aWalker, Andrew, _d1979- _eactor. _96265774 |
|
| 700 | 1 |
_aWyscarver, Karen, _d1968- _escreenwriter. _96430115 |
|
| 700 | 1 |
_aGolden, Sanford, _escreenwriter. _96430116 |
|
| 700 | 1 |
_aDobson, Erinne, _escreenwriter. _96397598 |
|
| 700 | 1 |
_iBased on (work): _aAndrews, Mary Kay, _d1954- _tMerry & Bright. _96430117 |
|
| 710 | 2 |
_aCrown Media Productions, _epresenter. _95739816 |
|
| 710 | 2 |
_aHallmark Channel (Television network), _epresenter. _95690645 |
|
| 710 | 2 |
_aHallmark Entertainment (Firm), _epublisher. _964960 |
|
| 710 | 2 |
_aCinedigm (Firm), _efilm distributor. _95724938 |
|
| 830 | 0 |
_aHallmark Channel holiday collection. _95714918 |
|
| 994 |
_aC0 _bWACOL |
||
| 999 |
_c366106 _d366106 |
||